Connect the 7-Letter Words Quiz Stats

 Plays Quiz Updated Sep 24, 2016

Challenge
Share
Tweet
Embed
Score 0/20 Timer 06:00
3 Plays Today
% Correct
_A_I_L_
90.5%
_U_E_O_
89.5%
_A_U_A_
89.1%
_O_L_G_
88.5%
_E_I_O_
86.7%
_O_C_T_
86.2%
_A_K_O_
86.1%
_X_R_S_
85.6%
_U_G_N_
85.4%
_P_S_U_
83.4%
% Correct
_L_M_N_
83.3%
_M_A_S_
82.5%
_A_T_N_
82.1%
_A_L_B_
81.9%
_E_C_E_
79.8%
_E_T_F_
79.6%
_A_Q_I_
79.3%
_N_E_A_
77.1%
_I_S_M_
76.9%
_A_G_I_
71.4%

You're not logged in!

Compare scores with friends on all Sporcle quizzes.
OR
Log In

You Might Also Like...

Show Comments

Extras

Top Quizzes Today


Score Distribution

Your Account Isn't Verified!

In order to create a playlist on Sporcle, you need to verify the email address you used during registration. Go to your Sporcle Settings to finish the process.

Report this User

Report this user for behavior that violates our Community Guidelines.

Details: